| 000 | 00411 a2200169 4500 | ||
|---|---|---|---|
| 003 | OSt | ||
| 005 | 20180116182748.0 | ||
| 008 | 160624b xxu||||| |||| 00| 0 eng d | ||
| 040 | _c0 | ||
| 082 | _a658.4519 REU 1998 | ||
| 100 | _aCarol Reuss | ||
| 245 |
_aInside organizational communication _cCarol Reuss |
||
| 250 | _a2nd | ||
| 260 | _c1998 | ||
| 300 |
_a368 p. _bHB |
||
| 942 |
_aNBS _cBK _k658.4519 REU _2ddc |
||
| 999 |
_c345559 _d345559 |
||